00601nam a2200133 a 4500001001000000003000900010005001700019008004100036040002500077082001600102245022500118260008900343300003500432000013429DO-SdBNP20210601165349.0091124s1977 dr r 000 0 spa d aDO-SdBNPbspacBNPHU axxxxbD611p00aDiscurso :bpronunciado por el Secretario de Estado de Relaciones Exteriores, Comodoro Ramón Emilio Jiménez con motivo de la entrega al excelentícimo señor Presidente de la República , Dr. Joaquín Balaguer /. aSanto Domingo :bSecretaría de Estado de Relaciones Exteriores,c1977.fLa Isabela a22 p. :bil., retrs. ;c25 cm.